[Event "World Blitz 2025"]
[Site "Doha QAT"]
[Date "2025.12.29"]
[Round "8.83"]
[White "Puranik, Abhimanyu"]
[Black "Nainys, Zanas"]
[Result "1-0"]
[WhiteTitle "GM"]
[WhiteElo "2622"]
[BlackElo "2307"]
[WhiteFideId "5061245"]
[BlackFideId "12844098"]
[EventDate "2025.12.29"]

1. Nf3 d5 2. g3 b6 3. Bg2 Bb7 4. O-O Nd7 5. d4 Ngf6 6. b3 e6 7. c4 dxc4 8. bxc4
c5 9. e3 Be7 10. Bb2 O-O 11. d5 exd5 12. Nh4 Ba6 13. Nd2 Rb8 14. Qa4 Qc8 15. Nf5
Re8 16. Bh3 dxc4 17. Bxf6 b5 18. Nxe7+ Rxe7 19. Qc2 gxf6 20. Ne4 Qc6 21. f3 Ne5
22. Bg2 Bb7 23. Rad1 Nd3 24. Qc3 Kg7 25. g4 Rxe4 26. fxe4 Qe6 27. g5 Qe5 28.
gxf6+ Kg6 29. Rxd3 Qxc3 30. Rxc3 Ba6 31. e5 b4 32. Be4+ Kh6 33. Rc2 Re8 34. Bd5
c3 35. Bxf7 Rxe5 36. Rf3 Rg5+ 37. Kf2 Rg4 38. Be6 Bb7 39. Bxg4 1-0

[Event "World Blitz 2025"]
[Site "Doha QAT"]
[Date "2025.12.29"]
[Round "8.84"]
[White "Volokitin, Andrei"]
[Black "Fandi, Mazen"]
[Result "1-0"]
[WhiteTitle "GM"]
[BlackTitle "FM"]
[WhiteElo "2619"]
[BlackElo "2304"]
[WhiteFideId "14107090"]
[BlackFideId "7611625"]
[EventDate "2025.12.29"]

1. e4 c6 2. d4 d5 3. e5 Bf5 4. Nf3 e6 5. Be2 Nd7 6. O-O Ne7 7. Nbd2 h6 8. c3 Qc7
9. a4 O-O-O 10. a5 a6 11. b4 f6 12. exf6 gxf6 13. Nb3 Rg8 14. g3 e5 15. Re1 h5
16. Nh4 Bg4 17. Be3 Ng6 18. Bxg4 Nxh4 19. Be6 Rg7 20. Qxh5 Ng6 21. Kh1 e4 22.
Bf5 Ne5 23. dxe5 fxe5 24. Bb6 Qd6 25. Bxd8 Kxd8 26. Bxd7 Kxd7 27. Nc5+ Kc7 28.
Qe8 Rg6 29. Qa8 Rf6 30. Qxb7+ Kd8 31. Nxe4 Qe6 32. Nxf6 Qxf6 33. Qb8+ Kd7 34.
Qxe5 1-0

[Event "World Blitz 2025"]
[Site "Doha QAT"]
[Date "2025.12.29"]
[Round "8.109"]
[White "Phuyal, Aashish"]
[Black "Dudin, Gleb"]
[Result "0-1"]
[BlackTitle "GM"]
[WhiteElo "1955"]
[BlackElo "2585"]
[WhiteFideId "12312649"]
[BlackFideId "34184934"]
[EventDate "2025.12.29"]

1. e4 c5 2. Nf3 d6 3. c3 Nf6 4. Be2 g6 5. O-O Bg7 6. Re1 O-O 7. Bf1 b6 8. d4 e6
9. a4 Bb7 10. Bd3 Nc6 11. Nbd2 Rc8 12. h3 Nh5 13. d5 Ne5 14. Nxe5 dxe5 15. c4
Nf6 16. Nf3 Ne8 17. a5 Nd6 18. axb6 axb6 19. b3 exd5 20. exd5 e4 21. Bg5 f6 22.
Bh4 exd3 23. Qxd3 Nf5 24. Re6 Nxh4 25. Nxh4 f5 26. Ra7 Qxh4 27. Rxb7 Ra8 28. Qe2
Qf4 29. g3 Ra1+ 30. Kg2 Qc1 31. Rxg7+ Kxg7 32. Qe5+ Kh6 0-1

[Event "World Blitz 2025"]
[Site "Doha QAT"]
[Date "2025.12.29"]
[Round "8.110"]
[White "Samadov, Read"]
[Black "Alrehaili, Ahmed Abdullah S"]
[Result "1-0"]
[WhiteTitle "IM"]
[BlackTitle "FM"]
[WhiteElo "2510"]
[BlackElo "2106"]
[WhiteFideId "13417444"]
[BlackFideId "21518840"]
[EventDate "2025.12.29"]

1. d4 Nf6 2. c4 g6 3. Nc3 Bg7 4. e4 d6 5. Be2 O-O 6. Nf3 Nbd7 7. O-O e5 8. Be3
Qe7 9. Qc2 c6 10. Rad1 h5 11. Bg5 exd4 12. Nxd4 Nc5 13. f3 a5 14. Rfe1 Ne6 15.
Nxe6 Bxe6 16. c5 dxc5 17. e5 Bf5 18. Bd3 Bxd3 19. Rxd3 c4 20. Rde3 Qc5 21. Bxf6
Bh6 22. Qf2 Bxe3 23. Rxe3 Qd4 24. g3 b5 25. Kg2 a4 26. Ne4 a3 27. bxa3 Ra6 28.
e6 Qd5 29. e7 Re8 30. Bb2 c5 31. Nf6+ Rxf6 32. Bxf6 Qc6 33. Ba1 Qd6 34. Qb2 f6 1-0

[Event "World Blitz 2025"]
[Site "Doha QAT"]
[Date "2025.12.29"]
[Round "8.111"]
[White "Chekh Adm Khedr, Aram"]
[Black "Averin, Nikolay"]
[Result "0-1"]
[WhiteTitle "FM"]
[BlackTitle "FM"]
[WhiteElo "2139"]
[BlackElo "2389"]
[WhiteFideId "7601948"]
[BlackFideId "24250473"]
[EventDate "2025.12.29"]

1. e4 Nf6 2. Nc3 d5 3. exd5 Nxd5 4. Nf3 Bg4 5. d4 c6 6. Be2 e6 7. Ne4 Nd7 8. O-O
Be7 9. c4 N5f6 10. Nc3 O-O 11. h3 Bxf3 12. Bxf3 Qc7 13. Re1 Rfe8 14. g3 Rad8 15.
Be3 a6 16. Qc2 e5 17. Bg2 exd4 18. Bxd4 Bc5 19. Rxe8+ Rxe8 20. Bxc5 Nxc5 21. Rd1
g6 22. b4 Ne6 23. c5 h5 24. Qd3 Rd8 25. Qe2 Rxd1+ 26. Qxd1 h4 27. Qf3 Kg7 28. g4
Qe5 29. Qe3 Qxe3 30. fxe3 Ng5 31. a4 Nd7 32. a5 Kf6 33. Kf2 Ne5 34. Ke2 Ke6 35.
Ne4 Nxe4 36. Bxe4 Nd7 37. Kd3 Ke5 38. Bg2 Nf8 39. b5 cxb5 40. Bxb7 Ne6 41. c6
Nc5+ 42. Kc3 Kd6 43. Kd4 Nxb7 44. cxb7 Kc7 45. g5 Kxb7 46. Kc5 Kc7 47. e4 Kd7
48. e5 0-1

[Event "World Blitz 2025"]
[Site "Doha QAT"]
[Date "2025.12.29"]
[Round "8.112"]
[White "Suleimen, Ergali"]
[Black "Kuandykuly, Danis"]
[Result "0-1"]
[WhiteTitle "IM"]
[BlackTitle "FM"]
[WhiteElo "2419"]
[BlackElo "2372"]
[WhiteFideId "13724452"]
[BlackFideId "13752260"]
[EventDate "2025.12.29"]

1. e4 e5 2. Nf3 Nc6 3. Bb5 Nge7 4. Nc3 Ng6 5. d4 exd4 6. Nxd4 Nxd4 7. Qxd4 c6 8.
Be2 Qb6 9. Qd3 Be7 10. O-O O-O 11. a3 d6 12. Be3 Qc7 13. Qd2 f5 14. exf5 Bxf5
15. Bd3 Ne5 16. Bxf5 Rxf5 17. Qe2 d5 18. f4 Nc4 19. Bd4 Qd7 20. b3 Nd6 21. Rae1
Re8 22. Qg4 Bf8 23. Rxe8 Qxe8 24. Be5 Qe6 25. Qg3 Nf7 26. Bd4 c5 27. Bf2 d4 28.
Nb1 Qe4 29. Qd3 Qxd3 30. cxd3 Rxf4 31. Bg3 Rxf1+ 32. Kxf1 Bd6 33. Nd2 Bxg3 34.
hxg3 Ne5 35. Ke2 Kf7 36. Ne4 b6 37. Nd6+ Ke6 38. Nb5 Nc6 39. Kf3 Kd7 40. a4 a6
41. Na3 Na5 42. Nc4 Nxc4 43. bxc4 Kc6 44. Ke4 b5 45. axb5+ axb5 46. cxb5+ Kxb5
47. g4 Kb4 48. g5 Kc3 0-1

[Event "World Blitz 2025"]
[Site "Doha QAT"]
[Date "2025.12.29"]
[Round "8.113"]
[White "Bodemar, Jonathan"]
[Black "Ezat, Mohamed"]
[Result "1/2-1/2"]
[WhiteTitle "CM"]
[BlackTitle "IM"]
[WhiteElo "2154"]
[BlackElo "2294"]
[WhiteFideId "6205488"]
[BlackFideId "10600906"]
[EventDate "2025.12.29"]

1. e4 e5 2. Nf3 Nc6 3. Bc4 Be7 4. O-O Nf6 5. Re1 O-O 6. Bb3 d6 7. c3 Na5 8. Bc2
c5 9. d4 Nc6 10. h3 a6 11. a4 Rb8 12. Be3 Qc7 13. Nbd2 b5 14. axb5 axb5 15. Nf1
g6 16. Bg5 Nh5 17. Bh6 Re8 18. Ne3 Nf6 19. Bg5 Qd8 20. Qd2 cxd4 21. cxd4 exd4
22. Nxd4 Nxd4 23. Qxd4 Be6 24. Ra7 Nh5 25. Bxe7 Rxe7 26. Ra6 Rd7 27. Rd1 Nf4 28.
Qd2 Qg5 29. Kh2 Rc8 30. Bb1 d5 31. exd5 Rxd5 32. Qe1 Rxd1 33. Qxd1 Qe5 34. Qd6
Qxd6 35. Rxd6 Rc1 36. Be4 Re1 37. Rb6 Re2 38. Rxb5 Rxf2 39. Kg3 Nxh3 40. gxh3
Re2 41. Kf3 Rh2 42. Rb8+ Kg7 43. Bd5 Rxh3+ 44. Kf2 Rxe3 45. Kxe3 Bxd5 46. Kf4 h5
47. b4 Kf6 48. Rb6+ Ke7 49. Kg5 Be4 50. Ra6 Bd5 51. Rf6 Be6 52. Rf2 Kd6 53. Rc2
Bd5 54. b5 Be4 55. Rc3 Bd5 56. Rc1 Be4 57. b6 Bc6 58. Kf6 h4 59. Rc3 Bd5 60. Kg5
h3 61. Rxh3 Kc6 62. Rd3 Be6 63. Kf6 Kxb6 64. Rd6+ Kc5 65. Rxe6 fxe6 66. Kxe6 1/2-1/2

[Event "World Blitz 2025"]
[Site "Doha QAT"]
[Date "2025.12.29"]
[Round "8.114"]
[White "Grafl, Florian"]
[Black "Ashwath Kaushik"]
[Result "1-0"]
[WhiteTitle "IM"]
[BlackTitle "FM"]
[WhiteElo "2343"]
[BlackElo "2345"]
[WhiteFideId "4645715"]
[BlackFideId "33387230"]
[EventDate "2025.12.29"]

1. Nc3 e6 2. d4 d5 3. e4 Nf6 4. Bg5 Bb4 5. e5 h6 6. Bd2 Bxc3 7. bxc3 Ne4 8. Bc1
c5 9. Ne2 cxd4 10. cxd4 Qa5+ 11. c3 Nc6 12. Qb3 Bd7 13. f3 Ng5 14. h4 Nh7 15.
Ba3 Rc8 16. Kf2 f6 17. f4 fxe5 18. fxe5 g5 19. Rh3 gxh4 20. Rxh4 Ng5 21. Kg1 Rg8
22. Kh1 Ne4 23. Rxe4 dxe4 24. Nf4 Nxe5 25. Nxe6 Rg6 26. Nf4 Rg4 27. Bd6 Nf7 28.
Be2 Qg5 29. Bxg4 Bxg4 30. Qa4+ Bd7 31. Qb4 a5 32. Qa3 Qh4+ 33. Kg1 Qg3 34. Rf1
Qe3+ 35. Kh1 Rxc3 36. Qxa5 Nxd6 37. Qe5+ Kd8 38. Qxd6 Rc1 39. Ne6+ Kc8 40. Qf8+ 1-0

[Event "World Blitz 2025"]
[Site "Doha QAT"]
[Date "2025.12.29"]
[Round "8.115"]
[White "Tissir, Mohamed"]
[Black "Damaj, Mohammed"]
[Result "0-1"]
[WhiteTitle "IM"]
[BlackTitle "CM"]
[WhiteElo "2293"]
[BlackElo "2119"]
[WhiteFideId "9000240"]
[BlackFideId "11501731"]
[EventDate "2025.12.29"]

1. e4 e5 2. Nf3 Nf6 3. Nxe5 Nxe4 4. Qe2 Qe7 5. Nf3 Nf6 6. Nc3 Nc6 7. d4 d5 8.
Be3 Bf5 9. O-O-O O-O-O 10. Bg5 h6 11. Bh4 g5 12. Bg3 Ne4 13. Qe3 Bg7 14. Bb5
Nxg3 15. Qxe7 Nxe7 16. hxg3 c6 17. Bd3 Rhe8 18. Ne5 Bxd3 19. Rxd3 Bxe5 20. dxe5
Ng6 21. Rxh6 Nxe5 22. Rd1 Ng4 23. Rh7 Re7 24. f3 Ne3 25. Re1 Rde8 26. Re2 Nf5
27. Rxe7 Rxe7 28. g4 Ne3 29. Rg7 Nxg2 30. Rxg5 Nh4 31. f4 Re1+ 32. Kd2 Nf3+ 33.
Kd3 Nxg5 34. fxg5 Rg1 35. Kd4 0-1

[Event "World Blitz 2025"]
[Site "Doha QAT"]
[Date "2025.12.29"]
[Round "8.116"]
[White "Anand, Tsogtbileg"]
[Black "Musovic, Armin"]
[Result "0-1"]
[WhiteTitle "CM"]
[BlackTitle "FM"]
[WhiteElo "1968"]
[BlackElo "2190"]
[WhiteFideId "4926552"]
[BlackFideId "939935"]
[EventDate "2025.12.29"]

1. d4 d5 2. c4 c5 3. cxd5 Qxd5 4. Nc3 Qxd4 5. Qxd4 cxd4 6. Nb5 Na6 7. Nxd4 Bd7
8. Bd2 e5 9. Nb3 Nb4 10. Kd1 Ba4 11. e3 O-O-O 12. Bc4 Nf6 13. Ke2 Ne4 14. Bxb4
Bxb4 15. Nf3 f6 16. Rac1 Kb8 17. Rhd1 Rc8 18. Bd3 Nc5 19. Rc4 a5 20. Rdc1 Nxd3
21. Rxc8+ Rxc8 22. Rxc8+ Kxc8 23. Kxd3 Bb5+ 24. Kc2 Bf1 25. Nh4 g6 26. g3 b6 27.
Nf3 Kd7 28. a3 Be7 29. Nfd2 Bb5 30. Kc3 Ke6 31. g4 f5 32. gxf5+ gxf5 33. Nc1 Bf6
34. b4 axb4+ 35. Kxb4 Ba6 36. Nc4 Be7+ 37. Kb3 Bxc4+ 38. Kxc4 Bxa3 39. Nd3 Bd6
40. Kb5 e4 41. Nb4 Bxb4 42. Kxb4 Kd6 43. Kb5 Kc7 44. Kb4 Kc6 45. Kc4 b5+ 46. Kd4
Kd6 47. h3 h6 48. h4 h5 49. Kc3 Kc5 50. Kb3 b4 51. Ka4 Kc4 52. Ka5 b3 53. Ka6 b2 0-1

[Event "World Blitz 2025"]
[Site "Doha QAT"]
[Date "2025.12.29"]
[Round "8.117"]
[White "Dinham, James"]
[Black "Muntean, Victor"]
[Result "0-1"]
[WhiteElo "2091"]
[BlackElo "2169"]
[WhiteFideId "14327023"]
[BlackFideId "1054414"]
[EventDate "2025.12.29"]

1. e4 e5 2. Nf3 Nc6 3. Bc4 Nf6 4. d3 h6 5. c3 d6 6. h3 g5 7. b4 Bg7 8. Qb3 O-O
9. h4 g4 10. Nh2 a6 11. a4 Qe8 12. Nf1 Nh5 13. Be3 Ne7 14. a5 Ng6 15. g3 Kh7 16.
Nbd2 c6 17. O-O-O f5 18. Bb6 f4 19. Kb2 Qe7 20. Qc2 c5 21. Bb3 Bd7 22. Bd5 Be6
23. c4 Bxd5 24. exd5 e4+ 25. Ka2 e3 26. fxe3 fxe3 27. Nxe3 Qxe3 28. Rhe1 Qxg3
29. Re6 Nhf4 30. Rxd6 Nxd3 31. Ne4 Nxb4+ 32. Kb1 Qxd6 33. Nxd6 Nxc2 34. Kxc2 Bd4
35. Nxb7 g3 36. d6 Ne5 37. Nxc5 Bxc5 38. Bxc5 Rac8 39. Rd5 Nd7 40. Be3 Rxc4+ 41.
Kd3 Rg4 42. Rh5 Rg6 43. Rd5 g2 44. h5 Rg3 45. Kd4 0-1

[Event "World Blitz 2025"]
[Site "Doha QAT"]
[Date "2025.12.29"]
[Round "8.118"]
[White "Assylov, Miras"]
[Black "Khayat, Emad"]
[Result "1-0"]
[WhiteTitle "FM"]
[WhiteElo "2393"]
[BlackElo "1927"]
[WhiteFideId "13728873"]
[BlackFideId "21518076"]
[EventDate "2025.12.29"]

1. d4 Nf6 2. Nf3 e6 3. c4 Bb4+ 4. Bd2 c5 5. Bxb4 cxb4 6. a3 bxa3 7. Rxa3 O-O 8.
Nc3 b6 9. e4 d6 10. Bd3 Bb7 11. O-O Nbd7 12. Re1 e5 13. Nb5 Qe7 14. Rxa7 Rxa7
15. Nxa7 exd4 16. Nxd4 Nc5 17. f3 g6 18. Nab5 Nh5 19. Bf1 Qf6 20. Qd2 Ra8 21.
Ne2 Ra2 22. Nec3 Ra8 23. Qxd6 Qxd6 24. Nxd6 Bc6 25. b4 Ne6 26. Nd5 Ra2 27. Ne7+
Kf8 28. Nxc6 Nhf4 29. c5 bxc5 30. b5 Rb2 31. Ra1 Nd4 32. Nxd4 cxd4 33. Rd1 Ke7
34. Rxd4 Rb1 35. Kf2 Rb2+ 36. Ke3 g5 37. Nf5+ Kf6 1-0

[Event "World Blitz 2025"]
[Site "Doha QAT"]
[Date "2025.12.29"]
[Round "8.119"]
[White "Medhus, Vitus Bondo"]
[Black "Al-Janahi, Ibrahim"]
[Result "1-0"]
[WhiteTitle "FM"]
[WhiteElo "2387"]
[BlackElo "1656"]
[WhiteFideId "1462547"]
[BlackFideId "12102385"]
[EventDate "2025.12.29"]

1. e4 c5 2. Nc3 Nc6 3. f4 d6 4. Nf3 g6 5. Bb5 Bd7 6. d3 Bg7 7. Bc4 Nf6 8. e5
dxe5 9. fxe5 Ng4 10. Bxf7+ Kf8 11. O-O Ngxe5 12. Nxe5 Nxe5 13. Bxg6+ Bf6 14.
Bh6+ Kg8 15. Be4 Ng4 16. Bd5+ e6 17. Qxg4+ Kf7 18. Qg7+ Ke8 19. Rxf6 1-0

[Event "World Blitz 2025"]
[Site "Doha QAT"]
[Date "2025.12.29"]
[Round "8.120"]
[White "Abdilkhair, Abilmansur"]
[Black "Sharan, Rao"]
[Result "0-1"]
[WhiteTitle "IM"]
[BlackTitle "IM"]
[WhiteElo "2378"]
[BlackElo "2341"]
[WhiteFideId "13716417"]
[BlackFideId "5073464"]
[EventDate "2025.12.29"]

1. e4 d5 2. exd5 Qxd5 3. Nc3 Qd8 4. d4 Nf6 5. Bg5 c6 6. Qd2 Bf5 7. Nge2 e6 8.
Ng3 Bg6 9. h4 h6 10. Bf4 Bb4 11. h5 Bh7 12. a3 Bxc3 13. bxc3 Nbd7 14. c4 Nb6 15.
c5 Nc8 16. Be2 Nd5 17. c4 Nxf4 18. Qxf4 Qa5+ 19. Qd2 Qxd2+ 20. Kxd2 Ne7 21. Bd3
Bxd3 22. Kxd3 O-O-O 23. Kc3 Rd7 24. Ne4 Kc7 25. g4 Rhd8 26. Rad1 e5 27. Nd6
exd4+ 28. Rxd4 Nc8 29. Nf5 Rxd4 30. Nxd4 Ne7 31. f4 Rd7 32. g5 f6 33. Ne6+ Kc8
34. Nxg7 Ng8 35. Ne6 Re7 36. f5 fxg5 37. Rd1 Rd7 38. Re1 Nf6 39. Nd4 Nxh5 40.
Re6 Ng3 41. f6 Rf7 42. Rd6 Ne4+ 43. Kb4 Nxd6 44. cxd6 Rxf6 45. Kc5 Kd7 46. a4
Rxd6 47. Nf3 b6+ 48. Kb4 a5+ 49. Kc3 Ke6 50. c5 bxc5 51. Kc4 Rd5 52. Kc3 Kf5 53.
Ng1 g4 54. Kc4 g3 55. Ne2 Kg4 56. Nc3 g2 57. Ne2 Kf3 58. Ng1+ Ke3 59. Nh3 Rh5
60. Ng1 Rh1 61. Kxc5 Rxg1 62. Kxc6 Rd1 63. Kb5 g1=Q 64. Ka6 Qg6+ 65. Kb5 Rd5+
66. Kc4 Qc6+ 67. Kb3 Rd3+ 68. Kb2 Qc3+ 69. Ka2 Rd2+ 70. Kb1 Qc2+ 0-1

[Event "World Blitz 2025"]
[Site "Doha QAT"]
[Date "2025.12.29"]
[Round "8.121"]
[White "Alkhuriji, Abdulaziz N"]
[Black "Aziz, Husain"]
[Result "0-1"]
[BlackTitle "IM"]
[WhiteElo "1972"]
[BlackElo "2256"]
[WhiteFideId "21525919"]
[BlackFideId "12100293"]
[EventDate "2025.12.29"]

1. c4 e6 2. Nc3 d5 3. d4 Nf6 4. cxd5 Nxd5 5. e4 Nxc3 6. bxc3 c5 7. Rb1 Be7 8.
Nf3 O-O 9. Bd3 cxd4 10. cxd4 Nc6 11. e5 Nb4 12. Be4 0-1

[Event "World Blitz 2025"]
[Site "Doha QAT"]
[Date "2025.12.29"]
[Round "8.122"]
[White "AlJamaat, Khaled"]
[Black "Al Mashikhi, Salim Aliyan"]
[Result "0-1"]
[BlackTitle "FM"]
[WhiteElo "1719"]
[BlackElo "1952"]
[WhiteFideId "12102415"]
[BlackFideId "22000046"]
[EventDate "2025.12.29"]

1. e4 c5 2. Ne2 Nc6 3. g3 g6 4. Bg2 Bg7 5. c3 e5 6. O-O Nge7 7. d3 O-O 8. a4 f5
9. Na3 d6 10. f4 fxe4 11. dxe4 Kh8 12. Nc4 Bg4 13. h3 Bxe2 14. Qxe2 Na5 15. Be3
Nxc4 16. Qxc4 Nc6 17. Rad1 Qe7 18. f5 Bf6 19. fxg6 hxg6 20. Qe2 Qe6 21. Kh2 Bg7
22. Bf3 Na5 23. Bg4 Qe7 24. h4 Rxf1 25. Rxf1 Rf8 26. Rh1 Qe8 27. h5 gxh5 28. Kg2
Kg8 29. Rxh5 Qf7 30. Rf5 Qc4 31. Rxf8+ Kxf8 32. Qf2+ Kg8 33. Bf5 Nc6 34. Qf3 Ne7
35. Bd7 Qf7 36. Qxf7+ Kxf7 37. Bg4 b6 38. Be2 Ke6 39. Bc4+ Kd7 40. Kf3 Kc6 41.
Kg4 d5 42. Bb5+ Kd6 43. exd5 0-1

[Event "World Blitz 2025"]
[Site "Doha QAT"]
[Date "2025.12.29"]
[Round "8.123"]
[White "Alhassadi, Yousef A."]
[Black "Alsaqer, Meshal"]
[Result "1-0"]
[WhiteTitle "FM"]
[WhiteElo "2098"]
[BlackElo "1853"]
[WhiteFideId "9204725"]
[BlackFideId "10301771"]
[EventDate "2025.12.29"]

1. e4 e6 2. d4 d5 3. Nc3 dxe4 4. Nxe4 Be7 5. Nf3 Nd7 6. Bd3 Ngf6 7. Qe2 c5 8.
Nxc5 Nxc5 9. dxc5 Qa5+ 10. c3 Qxc5 11. Be3 Qc7 12. O-O-O O-O 13. Bd4 Bd7 14. Ne5
Bc6 15. Kb1 a5 16. Rhg1 a4 17. a3 Bd5 18. g4 Bb3 19. Rde1 Bc5 20. Bxc5 Qxc5 21.
g5 Nd5 22. Nd7 Qc7 23. Nxf8 Rxf8 24. Qe4 g6 25. Qe5 Qc5 26. Qd4 Qc7 27. Bc2
Bxc2+ 28. Kxc2 Qxh2 29. Rh1 Qf4 30. Qxf4 Nxf4 31. Re4 Nd5 32. Rxa4 b5 33. Ra5
Rd8 34. Rxb5 Nf4 35. Rd1 Re8 36. a4 e5 37. a5 Ra8 38. b4 Ne6 39. Rxe5 Kg7 40.
Rd7 Nf8 41. Rb7 1-0

[Event "World Blitz 2025"]
[Site "Doha QAT"]
[Date "2025.12.29"]
[Round "8.124"]
[White "Ahmad, Saif"]
[Black "Fates, Omer Salah"]
[Result "1-0"]
[WhiteElo "1567"]
[BlackElo "2079"]
[WhiteFideId "12102709"]
[BlackFideId "9212035"]
[EventDate "2025.12.29"]

1. d4 Nf6 2. c4 g6 3. Nc3 Bg7 4. e4 d6 5. Be2 O-O 6. Be3 c6 7. g4 e5 8. d5 cxd5
9. cxd5 a6 10. g5 Ne8 11. a4 f5 12. gxf6 Nxf6 13. h4 Nbd7 14. h5 Nc5 15. Bf3 Bd7
16. b4 Nxd5 17. Nxd5 Ne6 18. hxg6 hxg6 19. Bb6 Qg5 20. Nh3 Qh4 21. Nhf4 Qg5 22.
Nxe6 Bxe6 23. Nc7 Bc4 24. Nxa8 Rxa8 25. Rc1 d5 26. Rxc4 dxc4 27. Qd5+ Kf8 28.
Bc5+ Ke8 29. Qe6+ Kd8 30. Bb6# 1-0

[Event "World Blitz 2025"]
[Site "Doha QAT"]
[Date "2025.12.29"]
[Round "8.125"]
[White "Al-Mansouri, Fahad"]
[Black "Dahal, Sushrut"]
[Result "0-1"]
[BlackTitle "CM"]
[WhiteElo "1607"]
[BlackElo "2037"]
[WhiteFideId "12102407"]
[BlackFideId "12303275"]
[EventDate "2025.12.29"]

1. e4 c5 2. Nf3 e6 3. b4 cxb4 4. d4 d5 5. e5 Bd7 6. a3 bxa3 7. Bd3 Ne7 8. Ng5
Ng6 9. h4 Bb4+ 10. c3 Be7 11. Nxa3 Nxh4 12. Rxh4 Bxg5 13. Rg4 Bxc1 14. Qxc1 Kf8
15. Nb5 Bxb5 16. Bxb5 Nc6 17. Qe3 Ne7 18. Bd3 Qc7 19. Kd2 a6 20. Rh1 Rc8 21. Bc2
h5 22. Rgh4 g6 23. Qg5 Qxc3+ 0-1

[Event "World Blitz 2025"]
[Site "Doha QAT"]
[Date "2025.12.29"]
[Round "8.126"]
[White "Blackwood, Ryan"]
[Black "Al-Kuwari, Hamad"]
[Result "0-1"]
[BlackTitle "CM"]
[WhiteElo "1945"]
[BlackElo "1809"]
[WhiteFideId "7400640"]
[BlackFideId "12102679"]
[EventDate "2025.12.29"]

1. e4 c5 2. Nf3 a6 3. d4 cxd4 4. Nxd4 Nf6 5. Nc3 e5 6. Nf3 Nc6 7. Bd3 Bb4 8. O-O
O-O 9. Bg5 Bxc3 10. bxc3 h6 11. Bh4 d6 12. h3 Be6 13. Kh1 Qd7 14. Bxf6 gxf6 15.
Nh4 Kh7 16. Qh5 Bxh3 17. f4 Bg4 18. fxe5 Bxh5 19. exf6 Ne5 20. Rf5 Bg4 21. Rf4
Ng6 22. e5 dxe5 23. Rb4 Rab8 24. Re1 Qd6 25. Rxg4 Qxf6 26. Rf1 Qe7 27. Nf5 Qf6
28. Nxh6 0-1

[Event "World Blitz 2025"]
[Site "Doha QAT"]
[Date "2025.12.29"]
[Round "9.1"]
[White "Carlsen, Magnus"]
[Black "Erigaisi, Arjun"]
[Result "0-1"]
[WhiteTitle "GM"]
[BlackTitle "GM"]
[WhiteElo "2840"]
[BlackElo "2775"]
[WhiteFideId "1503014"]
[BlackFideId "35009192"]
[EventDate "2025.12.29"]

1. e4 c5 2. Nf3 e6 3. h3 a6 4. c3 d5 5. e5 Bd7 6. d4 Qb6 7. Bd3 Bb5 8. Bc2 a5 9.
a4 Ba6 10. Nbd2 Nc6 11. Nb3 cxd4 12. Nbxd4 Bc5 13. Be3 Qxb2 14. Kd2 Qb6 15. Re1
Nge7 16. Rb1 Qc7 17. Nb5 Bxe3+ 18. Rxe3 Bxb5 19. axb5 d4 20. cxd4 Nb4 21. Rc3
Qb6 22. Be4 Rd8 23. Ke1 h6 24. Qe2 O-O 25. Kf1 Rc8 26. Rbc1 Rxc3 27. Rxc3 Rc8
28. Rxc8+ Nxc8 29. Qc4 Na7 30. Kg1 Kf8 31. d5 exd5 32. Bxd5 Qxb5 33. Qc7 Nxd5
34. Qd8+ Qe8 35. Qxd5 Nc6 36. Qc5+ Kg8 37. Qb5 Qd7 38. Kh2 Qc7 39. g3 Qd7 40.
Kg2 g6 41. h4 h5 42. Ng5 Kg7 43. e6 fxe6 44. Qb2+ e5 45. Qb6 Nd4 0-1

[Event "World Blitz 2025"]
[Site "Doha QAT"]
[Date "2025.12.29"]
[Round "9.2"]
[White "Firouzja, Alireza"]
[Black "Abdusattorov, Nodirbek"]
[Result "0-1"]
[WhiteTitle "GM"]
[BlackTitle "GM"]
[WhiteElo "2762"]
[BlackElo "2732"]
[WhiteFideId "12573981"]
[BlackFideId "14204118"]
[EventDate "2025.12.29"]

1. d4 Nf6 2. c4 e6 3. Nf3 Bb4+ 4. Bd2 Qe7 5. g3 Bxd2+ 6. Qxd2 Nc6 7. Nc3 d5 8.
Bg2 dxc4 9. Ne5 Nxe5 10. dxe5 Nd7 11. f4 O-O 12. O-O Nb6 13. Rfd1 Bd7 14. Bxb7
Rab8 15. Bf3 Bc6 16. Qe3 Bxf3 17. exf3 Qb4 18. Qd2 Na4 19. Nxa4 Qxa4 20. Kg2 g6
21. Kh3 Rb5 22. Qc3 Rfb8 23. Rd2 Rd5 24. Qc2 Qb4 25. Rf2 Rd3 26. Rc1 Rd4 27. Qc3
c5 28. Qe3 Qa4 29. a3 Rb3 30. Rc3 Qb5 31. Qc1 Rxc3 32. bxc3 Rd3 33. Rb2 Qc6 34.
f5 exf5 35. Qg5 Kg7 36. Qe7 Qxf3 37. e6 Qg4+ 38. Kg2 Qe4+ 0-1

[Event "World Blitz 2025"]
[Site "Doha QAT"]
[Date "2025.12.29"]
[Round "9.3"]
[White "Van Foreest, Jorden"]
[Black "Lu, Shanglei"]
[Result "1/2-1/2"]
[WhiteTitle "GM"]
[BlackTitle "GM"]
[WhiteElo "2692"]
[BlackElo "2643"]
[WhiteFideId "1039784"]
[BlackFideId "8603332"]
[EventDate "2025.12.29"]

1. e4 c5 2. Nf3 e6 3. g3 Nc6 4. Bg2 Nf6 5. Qe2 d5 6. exd5 Nxd5 7. O-O Be7 8. Rd1
O-O 9. d4 cxd4 10. Nxd4 Nxd4 11. Rxd4 Qc7 12. c4 Nf6 13. Nc3 Bd7 14. Bf4 Qb6 15.
Rad1 Bc6 16. Bxc6 Qxc6 17. b3 Rad8 18. Nb5 Rxd4 19. Nxd4 Qb6 20. Nf3 a6 21. Ne5
Rd8 22. Rxd8+ Qxd8 23. Qf3 Qc8 24. Kg2 Nd7 25. Nd3 f6 26. Be3 Qc6 27. Qxc6 bxc6
28. c5 Kf7 29. Nb4 Nb8 30. f4 e5 31. fxe5 fxe5 32. Kf3 Ke6 33. a4 a5 34. Nd3 Kd5
35. Nxe5 Kxe5 36. Bf4+ Kd4 37. Bxb8 Bxc5 38. Ke2 Bb4 39. Bf4 Kc3 40. Be5+ Kxb3
41. Bxg7 Kxa4 42. g4 Kb3 43. h4 a4 44. g5 a3 45. h5 a2 46. g6 h6 47. Ba1 Bc3 48.
g7 Bxg7 49. Bxg7 Kc2 50. Ba1 Kb1 51. Kd2 1/2-1/2

[Event "World Blitz 2025"]
[Site "Doha QAT"]
[Date "2025.12.29"]
[Round "9.4"]
[White "Dubov, Daniil"]
[Black "Praggnanandhaa, R"]
[Result "1/2-1/2"]
[WhiteTitle "GM"]
[BlackTitle "GM"]
[WhiteElo "2672"]
[BlackElo "2761"]
[WhiteFideId "24126055"]
[BlackFideId "25059530"]
[EventDate "2025.12.29"]

1. e4 e5 2. Nf3 Nc6 3. Bc4 Bc5 4. Nc3 Nf6 5. O-O d6 6. Na4 Bb6 7. d3 Na5 8. Bb3
O-O 9. h3 h6 10. c3 Nxb3 11. axb3 Bd7 12. Nxb6 axb6 13. Be3 Be6 14. b4 Qe7 15.
Qe2 Bd7 16. Nd2 d5 17. Qf3 Bc6 18. Qg3 Nh5 19. Qg4 Nf6 20. Qg3 Nh5 21. Qg4 Nf6 1/2-1/2